INTERN TIPS IN INTERNAL MEDICINE: TIPS IN INPATIENT ROTATIONS INTERNAL MEDICINE, FAMILY MEDICINE AND ICU (Record no. 216917)

MARC details
000 -LEADER
fixed length control field 00646nam a22001697a 4500
008 - FIXED-LENGTH DATA ELEMENTS--GENERAL INFORMATION
fixed length control field 260401b |||||||| |||| 00| 0 eng d
050 ## - LIBRARY OF CONGRESS CALL NUMBER
Classification number 978-93-86056-72-6
100 ## - MAIN ENTRY--PERSONAL NAME
Personal name EDITOR LORENZO ARAGON
245 ## - TITLE STATEMENT
Title INTERN TIPS IN INTERNAL MEDICINE: TIPS IN INPATIENT ROTATIONS INTERNAL MEDICINE, FAMILY MEDICINE AND ICU
260 ## - PUBLICATION, DISTRIBUTION, ETC.
Place of publication, distribution, etc. NEW DELHI,
Name of publisher, distributor, etc. THE HEALTH SCIENCES PUBLISHER,
Date of publication, distribution, etc. 2017,
300 ## - PHYSICAL DESCRIPTION
Extent XX, 219 P, ILL
500 ## - GENERAL NOTE
General note INCLUDES BIBLIOGRAPHICAL REFERENCES AND INDEX
650 ## - SUBJECT ADDED ENTRY
Topical term or geographic name entry element 1. INTERNAL MEDICINE- HANDBOOKS, MANUALS 2. CLINICAL MEDICINE- STUDY GUIDES
700 ## - ADDED ENTRY--PERSONAL NAME
Personal name SANJA KUPESIC PLAVSIC
942 ## - ADDED ENTRY ELEMENTS (KOHA)
Source of classification or shelving scheme Library of Congress Classification
Koha item type Long Loan Book
Holdings
Withdrawn status Lost status Source of classification or shelving scheme Damaged status Not for loan Collection Home library Current library Shelving location Date acquired Inventory number Total checkouts Full call number Barcode Date last seen Copy number Price effective from Koha item type
    Library of Congress Classification     Medicine Kisii University Library Kisii University Library On Display 04/01/2026 102676   RC 46 .I 58 2017 A000464 04/01/2026 1 04/01/2026 Long Loan Book
    Library of Congress Classification     Medicine Kisii University Library Kisii University Library On Display 04/01/2026 112677   RC 46 .I 58 2017 A000463 04/23/2026 2 04/01/2026 Long Loan Book
    Library of Congress Classification     Medicine Kisii University Library Kisii University Library On Display 04/01/2026 112678   RC 46 .I 58 2017 A000455 04/01/2026 3 04/01/2026 Long Loan Book
    Library of Congress Classification     Medicine Kisii University Library Kisii University Library On Display 04/01/2026 112679   RC 46 .I 58 2017 A000456 04/01/2026 4 04/01/2026 Long Loan Book